Croatia or Serbia - Statistics

General Stats
  • This quiz has been taken 72 times
  • The average score is 13 of 15
Answer Stats
Question Answer % Correct
Has more GDP per capita? Croatia
100%
Has coastline? Croatia
100%
Borders Romania? Serbia
100%
Was in a union with Montenegro until 2006? Serbia
100%
Has had a player win the Ballon d'Or in soccer? Croatia
92%
Is larger by area? Serbia
92%
Has more population? Serbia
92%
Is Orthodox Christian? Serbia
92%
Owns most of the region of Slavonia? Croatia
85%
Tito was from(50%)? Croatia
85%
Has the Danube passing through its capital? Serbia
85%
Gained its independence from the Ottoman Empire? (Before Yugoslavia) Serbia
77%
Has more GDP? Croatia
69%
Has better HDI Score? Croatia
69%
Has a stronger army? Serbia
69%
No matching quizzes found
Score Distribution
Percent of People with Each Score
Percentile by Number Answered
Your Score History
You have not taken this quiz